Music in Valmiki's Ramayana (Record no. 146628)

MARC details
000 -LEADER
fixed length control field 00349nam a2200145Ia 4500
008 - FIXED-LENGTH DATA ELEMENTS--GENERAL INFORMATION
fixed length control field 230917s9999||||xx |||||||||||||| ||und||
040 ## - CATALOGING SOURCE
-- 121109
Original cataloging agency VIVEKANANDA LIBRARY
041 ## - Language
-- English
082 ## - DDC NUMBER
Classification number 783 D451M
100 ## - MAIN ENTRY--PERSONAL NAME
Personal name Desai, Subhadra
245 #0 - TITLE STATEMENT
Title Music in Valmiki's Ramayana
260 ## - PUBLICATION, DISTRIBUTION, ETC. (IMPRINT)
Place of publication, distribution, etc New Delhi
Name of publisher, distributor, etc Shubhi
Date of publication, distribution, etc 2008
300 ## - PHYSICAL DESCRIPTION
Pages 141p. p.
942 ## - ADDED ENTRY ELEMENTS (KOHA)
Koha item type Books
Holdings
Withdrawn status Lost status Damaged status Not for loan Location (home branch) Sublocation or collection (holding branch) Date acquired Koha issues (times borrowed) Koha full call number Accession No. Koha date last seen Koha item type
        VIVEKANANDA LIBRARY VIVEKANANDA LIBRARY 21/01/2009   783 D451M 261294 17/09/2023 Books
        VIVEKANANDA LIBRARY VIVEKANANDA LIBRARY 21/01/2009   783 D451M 281563 17/09/2023 Books
© Designed and Maintained by Vivekananda Library, MDU Rohtak